<?xml version="1.0" encoding="UTF-8"?>
<record
    xmlns:xsi="http://www.w3.org/2001/XMLSchema-instance"
    xsi:schemaLocation="http://www.loc.gov/MARC21/slim http://www.loc.gov/standards/marcxml/schema/MARC21slim.xsd"
    xmlns="http://www.loc.gov/MARC21/slim">

  <leader>00606nam a22001217a 4500</leader>
  <datafield tag="040" ind1=" " ind2=" ">
    <subfield code="c">RUA</subfield>
  </datafield>
  <datafield tag="082" ind1=" " ind2=" ">
    <subfield code="a">VEM TOU  2025 B705 Or.1</subfield>
  </datafield>
  <datafield tag="100" ind1=" " ind2=" ">
    <subfield code="a">TOUCH BUNNY, &#x1791;&#x17BC;&#x1785; &#x1794;&#x17CA;&#x17BB;&#x1793;&#x17D2;&#x1793;&#x17B8;</subfield>
  </datafield>
  <datafield tag="245" ind1=" " ind2=" ">
    <subfield code="a">Case Of Salmonella SPP. On Chicken Meat At  Market In Trapeang Sab Commune, Bati District, Takeo Province, &#x1780;&#x179A;&#x178E;&#x17B8; Salmonella SPP. &#x179B;&#x17BE;&#x179F;&#x17B6;&#x1785;&#x17CB;&#x1798;&#x17B6;&#x1793;&#x17CB;&#x1793;&#x17C5;&#x1795;&#x17D2;&#x179F;&#x17B6;&#x179A; &#x1780;&#x17D2;&#x1793;&#x17BB;&#x1784;&#x1783;&#x17BB;&#x17C6;&#x178F;&#x17D2;&#x179A;&#x1796;&#x17B6;&#x17C6;&#x1784;&#x179F;&#x17B6;&#x1794; &#x179F;&#x17D2;&#x179A;&#x17BB;&#x1780;&#x1794;&#x17B6;&#x1791;&#x17B8; &#x1781;&#x17C1;&#x178F;&#x17D2;&#x178F;&#x178F;&#x17B6;&#x1780;&#x17C2;&#x179C;</subfield>
  </datafield>
  <datafield tag="260" ind1=" " ind2=" ">
    <subfield code="a">PHNOM PENH</subfield>
    <subfield code="b">RUA</subfield>
    <subfield code="c">2025</subfield>
  </datafield>
  <datafield tag="300" ind1=" " ind2=" ">
    <subfield code="a">ix,41p.</subfield>
    <subfield code="b">ill.</subfield>
    <subfield code="c">2025</subfield>
  </datafield>
  <datafield tag="942" ind1=" " ind2=" ">
    <subfield code="c">&#x179F;&#x17B6;&#x179A;&#x178E;&#x17B6;&#x1794;&#x1791;</subfield>
  </datafield>
  <datafield tag="999" ind1=" " ind2=" ">
    <subfield code="c">25552</subfield>
    <subfield code="d">25552</subfield>
  </datafield>
  <datafield tag="952" ind1=" " ind2=" ">
    <subfield code="0">0</subfield>
    <subfield code="1">0</subfield>
    <subfield code="4">0</subfield>
    <subfield code="6">VEM_TOU_2025_000000000000000_B705_OR_1</subfield>
    <subfield code="7">0</subfield>
    <subfield code="9">105958</subfield>
    <subfield code="a">LBB</subfield>
    <subfield code="b">ML</subfield>
    <subfield code="c">B705</subfield>
    <subfield code="d">2026-03-11</subfield>
    <subfield code="l">1</subfield>
    <subfield code="o">VEM TOU  2025 B705 Or.1</subfield>
    <subfield code="p">C034471</subfield>
    <subfield code="q">2026-07-08</subfield>
    <subfield code="r">2026-06-02</subfield>
    <subfield code="s">2026-06-02</subfield>
    <subfield code="y">&#x179F;&#x17B6;&#x179A;&#x178E;&#x17B6;&#x1794;&#x1791;</subfield>
  </datafield>
  <datafield tag="952" ind1=" " ind2=" ">
    <subfield code="0">0</subfield>
    <subfield code="1">0</subfield>
    <subfield code="4">0</subfield>
    <subfield code="6">VEM_TOU_2025_000000000000000_B705_OR_2</subfield>
    <subfield code="7">0</subfield>
    <subfield code="9">105959</subfield>
    <subfield code="a">LBB</subfield>
    <subfield code="b">LBB</subfield>
    <subfield code="c">B705</subfield>
    <subfield code="d">2026-03-11</subfield>
    <subfield code="o">VEM TOU  2025 B705 Or.2</subfield>
    <subfield code="p">C034408</subfield>
    <subfield code="r">2026-03-11</subfield>
    <subfield code="y">&#x179F;&#x17B6;&#x179A;&#x178E;&#x17B6;&#x1794;&#x1791;</subfield>
  </datafield>
</record>
